[Event "Ïåðâåíñòâî Ìîñêâû ïî øàõìàòàì"]
[Site "Ìîñêâà, ÌÃÈÌÎ ïð. Âåðíàäñêîãî,"]
[Date "2018.11.24"]
[Round "8.21"]
[White "Iakushkov, Pavel"]
[Black "Kolobov, Dmitriy"]
[Result "1-0"]
[WhiteElo "1656"]
[BlackElo "1484"]
[PlyCount "99"]
[EventDate "2018.11.18"]

1. e4 e5 2. Nf3 Nc6 3. Bc4 Bc5 4. c3 Nf6 5. d3 h6 6. Nbd2 d6 7. O-O O-O 8. h3
Be6 9. Bb3 Re8 10. Re1 Qd7 11. Nf1 Rad8 12. Ng3 Bb6 13. Bxe6 fxe6 14. d4 exd4
15. cxd4 e5 16. d5 Ne7 17. Be3 Qb5 18. Qc1 Kh7 19. a4 Qb4 20. Bd2 Qb3 21. Ra3
Bxf2+ 22. Kxf2 Qb6+ 23. Be3 Qa5 24. Qc3 Qxc3 25. Rxc3 c5 26. dxc6 Nxc6 27. Kg1
d5 28. exd5 Nxd5 29. Rcc1 Ncb4 30. Re2 Nd3 31. Rb1 b6 32. Ne1 N3b4 33. Ne4 Kg6
34. Bd2 Nc6 35. Nf3 Re6 36. b4 Rde8 37. Ree1 Rc8 38. b5 Nd4 39. Nxd4 exd4 40.
Nf2 Rf6 41. Rbc1 Rcf8 42. Ng4 Rf5 43. Rc6+ Kh7 44. Rd6 Rc8 45. Bxh6 d3 46. Rd7
d2 47. Bxd2 Rc2 48. Bh6 Rc7 49. Rxc7 Nxc7 50. Re7 1-0

[Event "Ïåðâåíñòâî Ìîñêâû ïî øàõìàòàì"]
[Site "Ìîñêâà, ÌÃÈÌÎ ïð. Âåðíàäñêîãî,"]
[Date "2018.11.24"]
[Round "8.22"]
[White "Belyaev, Fedor"]
[Black "Kotelnikov, Konstantin"]
[Result "1/2-1/2"]
[WhiteElo "1332"]
[BlackElo "1370"]
[PlyCount "81"]
[EventDate "2018.11.18"]

1. d4 Nf6 2. Nf3 g6 3. Bf4 d5 4. e3 Bg7 5. h3 O-O 6. Nc3 c6 7. Bd3 Bf5 8. O-O
Nbd7 9. Nh4 Bxd3 10. Qxd3 Nh5 11. Nf3 Nb6 12. Bh2 Nc4 13. b3 Nd6 14. Rac1 Nf6
15. Ne5 Nfe4 16. Nxe4 Nxe4 17. c4 e6 18. c5 f6 19. Nf3 Re8 20. Nd2 Nxd2 21.
Qxd2 e5 22. b4 e4 23. Bd6 Bf8 24. Bxf8 Rxf8 25. Qb2 f5 26. Qb3 f4 27. exf4 Rxf4
28. Qg3 Qf6 29. Rcd1 Rf8 30. Qe3 g5 31. Qe2 Kg7 32. Rb1 Qxd4 33. Rb3 Qf6 34. b5
Qd4 35. bxc6 bxc6 36. Rb7+ Kg6 37. Rxa7 Qxc5 38. Rxh7 Kxh7 39. Qh5+ Kg7 40.
Qxg5+ Kh7 41. Qh5+ 1/2-1/2

[Event "Ïåðâåíñòâî Ìîñêâû ïî øàõìàòàì"]
[Site "Ìîñêâà, ÌÃÈÌÎ ïð. Âåðíàäñêîãî"]
[Date "2018.11.25"]
[Round "9.1"]
[White "Kolesov, Gordey"]
[Black "Krivenko, Dmitry"]
[Result "1/2-1/2"]
[WhiteElo "1823"]
[BlackElo "1887"]
[PlyCount "80"]
[EventDate "2018.11.18"]

1. d4 Nf6 2. c4 g6 3. Nc3 Bg7 4. e4 d6 5. Be2 O-O 6. Nf3 e5 7. O-O Nc6 8. Be3
Ng4 9. Bg5 f6 10. Bh4 Nh6 11. dxe5 dxe5 12. Qd5+ Nf7 13. Rfd1 Qe8 14. Qb5 Nd6
15. Qa4 Bd7 16. Qc2 Bg4 17. c5 Nf7 18. Nd5 g5 19. Bg3 Rc8 20. Qb3 Kh8 21. Qxb7
Nfd8 22. Qa6 Bd7 23. b4 g4 24. Nd2 Nd4 25. Nb3 N8e6 26. Bf1 c6 27. Ne3 Rb8 28.
Nxd4 Nxd4 29. a3 Rd8 30. Nc4 Qg6 31. Nd6 h5 32. Kh1 Qg5 33. Qa5 Be6 34. f3 h4
35. Bf2 Nb3 36. Qxa7 Nxa1 37. Rxa1 g3 38. Qe7 Bg8 39. Bg1 Qf4 40. Nf5 Qg5
1/2-1/2

[Event "Ïåðâåíñòâî Ìîñêâû ïî øàõìàòàì"]
[Site "Ìîñêâà, ÌÃÈÌÎ ïð. Âåðíàäñêîãî"]
[Date "2018.11.25"]
[Round "9.2"]
[White "Osipenko, Ivan"]
[Black "Anisimov, Yuri"]
[Result "1-0"]
[WhiteElo "1638"]
[BlackElo "1607"]
[PlyCount "61"]
[EventDate "2018.11.18"]

1. d4 Nf6 2. Nf3 e6 3. e3 d5 4. Bd3 Be7 5. O-O O-O 6. c4 b6 7. b3 Bb7 8. Nbd2
c5 9. Bb2 Nbd7 10. Qe2 Rc8 11. Rac1 Re8 12. Ne5 Nxe5 13. dxe5 Nd7 14. f4 Qc7
15. f5 g6 16. fxe6 fxe6 17. Qg4 Bf8 18. Bxg6 Bg7 19. Bxe8 Rxe8 20. Nf3 dxc4 21.
Qh5 Re7 22. Ng5 Bxe5 23. Rf7 Nf6 24. Bxe5 Nxh5 25. Bxc7 Rxf7 26. Nxf7 Kxf7 27.
Rxc4 Ke7 28. Rh4 Nf6 29. Be5 a5 30. Bxf6+ Kxf6 31. Rxh7 1-0

[Event "Ïåðâåíñòâî Ìîñêâû ïî øàõìàòàì"]
[Site "Ìîñêâà, ÌÃÈÌÎ ïð. Âåðíàäñêîãî"]
[Date "2018.11.25"]
[Round "9.3"]
[White "Israfilov, Ali"]
[Black "Isaykin, Valery"]
[Result "0-1"]
[WhiteElo "1904"]
[BlackElo "1417"]
[PlyCount "74"]
[EventDate "2018.11.18"]

1. e4 c6 2. Nc3 d5 3. Qe2 d4 4. Nd1 Nf6 5. g3 Bg4 6. Nf3 e6 7. h3 Bh5 8. Bg2
Bc5 9. d3 Nbd7 10. O-O e5 11. g4 Bg6 12. Nh4 Qc7 13. Bd2 Be7 14. f4 exf4 15.
Bxf4 Qa5 16. Nxg6 hxg6 17. e5 Nd5 18. Bg3 Nf8 19. Qf3 f6 20. exf6 gxf6 21. Re1
Kf7 22. Qe4 Rd8 23. Kh2 Rd7 24. Qxd4 Bd6 25. Qf2 Ne6 26. Bxd6 Rxd6 27. Ne3 Qc5
28. Qg3 Ndf4 29. Nc4 Rd4 30. Ne3 Qg5 31. Rf1 Nxg2 32. Nxg2 Rxg4 33. Qf2 Rxh3+
34. Kxh3 Qh5+ 35. Nh4 Ng5+ 36. Kh2 Rxh4+ 37. Kg2 Rh2+ 0-1

[Event "Ïåðâåíñòâî Ìîñêâû ïî øàõìàòàì"]
[Site "Ìîñêâà, ÌÃÈÌÎ ïð. Âåðíàäñêîãî"]
[Date "2018.11.25"]
[Round "9.4"]
[White "Kishiev, Famil"]
[Black "Andreev, Konstantin"]
[Result "1-0"]
[WhiteElo "1313"]
[BlackElo "1589"]
[PlyCount "97"]
[EventDate "2018.11.18"]

1. e4 e5 2. d4 exd4 3. Nf3 Nc6 4. Nxd4 Bc5 5. Be3 Bb6 6. Nxc6 bxc6 7. Bxb6 axb6
8. Nc3 Ne7 9. Bc4 O-O 10. Qd3 b5 11. Bb3 Ba6 12. Qd2 d6 13. Ne2 c5 14. c3 Bb7
15. Bc2 f5 16. Ng3 f4 17. Ne2 Ng6 18. O-O-O Qf6 19. Bb1 f3 20. gxf3 Qxf3 21.
Rhe1 Bxe4 22. Ng1 Qxf2 23. Bxe4 Rab8 24. Qxf2 Rxf2 25. Bxg6 hxg6 26. Re2 Rf4
27. Re7 Rb7 28. Ne2 Rf2 29. Rg1 Kf8 30. Re4 Rxh2 31. Rxg6 Ra7 32. a3 Kf7 33.
Rg3 Ra8 34. Kd2 Rh6 35. Rge3 Rc8 36. Re7+ Kf8 37. Rd7 c6 38. Rf3+ Kg8 39. Rg3
Re8 40. Rgxg7+ Kh8 41. Rg2 d5 42. Nf4 Rg8 43. Rxg8+ Kxg8 44. Nd3 c4 45. Nb4
Rh2+ 46. Kc1 Rh1+ 47. Kc2 Rh2+ 48. Kb1 Rh6 49. Rc7 1-0

[Event "Ïåðâåíñòâî Ìîñêâû ïî øàõìàòàì"]
[Site "Ìîñêâà, ÌÃÈÌÎ ïð. Âåðíàäñêîãî"]
[Date "2018.11.25"]
[Round "9.5"]
[White "Amirdzhanyan, Vladimir"]
[Black "Savichev, Ivan"]
[Result "1-0"]
[WhiteElo "1601"]
[BlackElo "1453"]
[PlyCount "103"]
[EventDate "2018.11.18"]

1. e4 c5 2. Nf3 Nc6 3. Bb5 Nd4 4. Nxd4 cxd4 5. c3 dxc3 6. Nxc3 a6 7. Bc4 e6 8.
d4 Bb4 9. O-O b5 10. Bb3 Bb7 11. Qd3 Ne7 12. a4 bxa4 13. Rxa4 Bd6 14. e5 Bc7
15. f4 d5 16. Bc2 f5 17. exf6 gxf6 18. Re1 Kd7 19. Qh3 f5 20. b3 Bd6 21. Qe3
Qg8 22. Ba3 Bxa3 23. Rxa3 Ng6 24. Na4 Kd6 25. Nc5 Bc8 26. Qd2 Nh4 27. b4 a5 28.
Rg3 Qd8 29. Rge3 Qf6 30. bxa5 Rg8 31. R1e2 Ng6 32. Rb3 Ke7 33. Rb6 Kf7 34. a6
Nh4 35. Kh1 Re8 36. Bb3 Qd8 37. Rc6 Ng6 38. g3 h5 39. Qa2 h4 40. Nxe6 Bxe6 41.
Rcxe6 Rxe6 42. Bxd5 Nf8 43. Bxe6+ Nxe6 44. Qxe6+ Kg7 45. Qe5+ Kg8 46. Qe6+ Kg7
47. d5 hxg3 48. hxg3 Qf8 49. Qd7+ Kg8 50. Rh2 Qg7 51. Qe6+ Kf8 52. Qxf5+ 1-0

[Event "Ïåðâåíñòâî Ìîñêâû ïî øàõìàòàì"]
[Site "Ìîñêâà, ÌÃÈÌÎ ïð. Âåðíàäñêîãî"]
[Date "2018.11.25"]
[Round "9.6"]
[White "Pugach, Gleb"]
[Black "Maranin, Sergey"]
[Result "1-0"]
[WhiteElo "1548"]
[BlackElo "1370"]
[PlyCount "81"]
[EventDate "2018.11.18"]

1. e4 c5 2. Nf3 e6 3. d4 cxd4 4. Nxd4 Nf6 5. Nc3 Bb4 6. e5 Nd5 7. Qg4 Kf8 8.
Bd2 h5 9. Qf3 Bxc3 10. Bxc3 Nxc3 11. Qxc3 a6 12. Be2 f6 13. Qc5+ Kf7 14. exf6
d6 15. Qg5 g6 16. O-O-O Qxf6 17. Nf3 d5 18. Ne5+ Kg7 19. Qg3 Nd7 20. f4 b5 21.
Bd3 Rh6 22. Qg5 Nxe5 23. Qxe5 Qxe5 24. fxe5 Bb7 25. Rhf1 Rf8 26. Rxf8 Kxf8 27.
Rf1+ Kg7 28. Kd2 d4 29. g3 h4 30. g4 g5 31. Be2 Bd5 32. Bf3 Bc4 33. Rf2 d3 34.
b3 Bd5 35. Bxd5 exd5 36. Kxd3 h3 37. Kd4 Rh4 38. e6 Rxg4+ 39. Kxd5 Rg2 40. e7
Rxf2 41. e8=Q 1-0

[Event "Ïåðâåíñòâî Ìîñêâû ïî øàõìàòàì"]
[Site "Ìîñêâà, ÌÃÈÌÎ ïð. Âåðíàäñêîãî"]
[Date "2018.11.25"]
[Round "9.7"]
[White "Urivskiy, Arseniy A"]
[Black "Godzhurov, Lidzhi"]
[Result "1/2-1/2"]
[WhiteElo "1234"]
[BlackElo "1790"]
[PlyCount "122"]
[EventDate "2018.11.18"]

1. e4 c5 2. c3 d5 3. exd5 Qxd5 4. d4 e6 5. Nf3 Nf6 6. Be2 Be7 7. O-O O-O 8. c4
Qd8 9. Nc3 b6 10. Bf4 Bb7 11. dxc5 Bxc5 12. Qc2 Nc6 13. Rad1 Qe7 14. a3 a5 15.
h3 Rfd8 16. Nb5 Rac8 17. Bg5 h6 18. Bh4 Ba6 19. Nc3 Nd4 20. Nxd4 Rxd4 21. Rxd4
Bxd4 22. Ne4 Bb7 23. Nxf6+ Bxf6 24. Bxf6 Qxf6 25. Rd1 Qg5 26. Bf1 b5 27. Rd4 h5
28. Qd3 e5 29. Rd7 Bc6 30. Rd6 e4 31. Qd2 Qxd2 32. Rxd2 bxc4 33. Bxc4 Bb7 34.
Bxf7+ Kxf7 35. Rd7+ Kf6 36. Rxb7 Rc1+ 37. Kh2 Rb1 38. Rb5 g6 39. b4 axb4 40.
Rxb4 Ra1 41. Rxe4 Rxa3 42. Re3 Ra2 43. Kg3 Kg5 44. Rb3 Kf5 45. Rb5+ Kf6 46. Rb3
Kg5 47. f4+ Kf5 48. Kf3 Kf6 49. g4 hxg4+ 50. hxg4 Ra1 51. Rb6+ Kf7 52. g5 Rf1+
53. Ke3 Re1+ 54. Kf2 Re4 55. Kf3 Re1 56. Rf6+ Kg7 57. Ra6 Re7 58. Rb6 Ra7 59.
Kg4 Rc7 60. Rd6 Ra7 61. Rc6 Rb7 1/2-1/2

[Event "Ïåðâåíñòâî Ìîñêâû ïî øàõìàòàì"]
[Site "Ìîñêâà, ÌÃÈÌÎ ïð. Âåðíàäñêîãî"]
[Date "2018.11.25"]
[Round "9.8"]
[White "Kropachev, Mikhail"]
[Black "Korolev, Kirill O"]
[Result "0-1"]
[WhiteElo "1332"]
[BlackElo "1505"]
[PlyCount "104"]
[EventDate "2018.11.18"]

1. e4 c5 2. Nf3 Nc6 3. d4 cxd4 4. Nxd4 Qb6 5. Nb3 Nf6 6. Nc3 e6 7. Bd3 Be7 8.
Be3 Qc7 9. O-O a6 10. f4 d6 11. a3 b5 12. Nd2 O-O 13. g4 Bb7 14. g5 Nd7 15. Rf3
f5 16. Rh3 g6 17. exf5 exf5 18. Nd5 Qd8 19. c4 Na7 20. Qb3 Bxd5 21. cxd5 Re8
22. Rf1 Bf8 23. Bd4 Bg7 24. Bxg7 Kxg7 25. Qc3+ Kg8 26. Rff3 Qb6+ 27. Kg2 Rac8
28. Qb3 Qd4 29. Nf1 Rc1 30. Qa2 Nc5 31. b4 Nxd3 32. Rxd3 Qxf4 33. Rhf3 Qg4+ 34.
Kf2 Rce1 35. Rde3 Qh4+ 36. Kg1 R1xe3 37. Rxe3 Qxg5+ 38. Rg3 Qf4 39. Rg2 Qd4+
40. Rf2 Nc8 41. Kg2 Nb6 42. Rd2 Qe4+ 43. Kg1 Nc4 44. Rf2 Qxd5 45. Rd2 Qe5 46.
Rf2 d5 47. Rg2 d4 48. Rc2 Qe6 49. Rf2 d3 50. Nd2 Re7 51. Rg2 Qe1+ 52. Nf1 d2
0-1

[Event "Ïåðâåíñòâî Ìîñêâû ïî øàõìàòàì"]
[Site "Ìîñêâà, ÌÃÈÌÎ ïð. Âåðíàäñêîãî"]
[Date "2018.11.25"]
[Round "9.9"]
[White "Korolev, Nikolay"]
[Black "Sepiashvili, Ivan"]
[Result "1/2-1/2"]
[WhiteElo "1639"]
[BlackElo "1636"]
[PlyCount "74"]
[EventDate "2018.11.18"]

1. e4 e5 2. Nf3 Nc6 3. d4 exd4 4. Bc4 Bc5 5. O-O Nf6 6. e5 d5 7. exf6 dxc4 8.
fxg7 Rg8 9. Re1+ Be6 10. Ng5 Qe7 11. Nxe6 fxe6 12. Qh5+ Kd7 13. Bh6 Bb6 14. Nd2
Ba5 15. Rad1 Bxd2 16. Rxd2 Rae8 17. Rde2 Qf6 18. Kf1 a6 19. Rxe6 Qxe6 20. Rxe6
Kxe6 21. Qg4+ Kd6 22. Qf4+ Kc5 23. Qxc7 d3 24. cxd3 Re7 25. Qf4 cxd3 26. Qf8 d2
27. Bxd2 Rgxg7 28. Be3+ Kd5 29. Qf5+ Re5 30. Qd3+ Ke6 31. Bf4 Rd7 32. Qh3+ Rf5
33. Qh6+ Rf6 34. Qh3+ Rf5 35. Qh6+ Rf6 36. Qh3+ Rf5 37. Qh6+ Rf6 1/2-1/2

[Event "Ïåðâåíñòâî Ìîñêâû ïî øàõìàòàì"]
[Site "Ìîñêâà, ÌÃÈÌÎ ïð. Âåðíàäñêîãî"]
[Date "2018.11.25"]
[Round "9.10"]
[White "Razhbadinov, Rasul"]
[Black "Tarasov, Lev"]
[Result "1-0"]
[WhiteElo "1529"]
[BlackElo "1323"]
[PlyCount "65"]
[EventDate "2018.11.18"]

1. e4 c5 2. Nf3 d6 3. d4 cxd4 4. Nxd4 Nf6 5. Nc3 e6 6. g4 h6 7. h3 Nc6 8. Be3
d5 9. Bb5 Bd7 10. Bxc6 bxc6 11. e5 Ng8 12. Nb3 Ne7 13. Nc5 Nc8 14. f4 Be7 15.
O-O O-O 16. Qf3 f6 17. Qg3 f5 18. gxf5 Rxf5 19. Qg6 Bxc5 20. Bxc5 Qh4 21. Kh2
Qh5 22. Qg3 Nb6 23. Rg1 g5 24. b3 Kh8 25. Raf1 Rg8 26. Be7 Rg6 27. Nd1 Be8 28.
fxg5 Rxf1 29. Rxf1 hxg5 30. Rf8+ Kg7 31. Rxe8 Qxd1 32. Qf2 Kh7 33. Bf8 1-0

[Event "Ïåðâåíñòâî Ìîñêâû ïî øàõìàòàì"]
[Site "Ìîñêâà, ÌÃÈÌÎ ïð. Âåðíàäñêîãî"]
[Date "2018.11.25"]
[Round "9.11"]
[White "Asatryan, Leon"]
[Black "Shadyev, Damir"]
[Result "1-0"]
[WhiteElo "1618"]
[BlackElo "1250"]
[PlyCount "111"]
[EventDate "2018.11.18"]

1. d4 Nf6 2. Nf3 g6 3. g3 Bg7 4. Bg2 O-O 5. O-O d6 6. a4 Nbd7 7. a5 a6 8. Nc3
e5 9. e4 Nh5 10. Be3 f5 11. exf5 gxf5 12. dxe5 dxe5 13. Ng5 Ndf6 14. Bd5+ Nxd5
15. Qxd5+ Qxd5 16. Nxd5 Bd7 17. Bc5 Rfd8 18. Ne7+ Kf8 19. Nc6+ Ke8 20. Nxd8
Rxd8 21. Nxh7 Bh6 22. Rad1 Kf7 23. h4 Ke6 24. Rfe1 f4 25. g4 Rg8 26. g5 Bc6 27.
Kf1 Bg7 28. Bd4 Kf5 29. Bc3 f3 30. Re3 Nf4 31. Kg1 Bb5 32. Rxf3 Be2 33. Rxf4+
Kxf4 34. Rd7 Bf3 35. Rf7+ Kg4 36. Kf1 Bh8 37. Nf6+ Bxf6 38. gxf6 Kxh4 39. Rh7+
Kg5 40. f7 Rd8 41. f8=Q Rxf8 42. Re7 Rh8 43. Ke1 Rh1+ 44. Kd2 e4 45. Rxc7 e3+
46. Kxe3 Bc6 47. Bd2 Kf5 48. c4 Rh3+ 49. Kd4 Rh4+ 50. Kc5 Rh3 51. b4 Rb3 52.
Rxc6 bxc6 53. Kxc6 Rf3 54. Be3 Ke4 55. b5 axb5 56. cxb5 1-0

[Event "Ïåðâåíñòâî Ìîñêâû ïî øàõìàòàì"]
[Site "Ìîñêâà, ÌÃÈÌÎ ïð. Âåðíàäñêîãî"]
[Date "2018.11.25"]
[Round "9.12"]
[White "Zatsepin, Egor"]
[Black "Urusov, German"]
[Result "0-1"]
[WhiteElo "1191"]
[BlackElo "1331"]
[PlyCount "70"]
[EventDate "2018.11.18"]

1. d4 d5 2. Nf3 Nf6 3. g3 Bf5 4. Bg2 e6 5. c4 c6 6. Qb3 Qb6 7. c5 Qa6 8. Nc3 h6
9. Bf4 Be7 10. O-O O-O 11. Ne5 Rd8 12. Rfe1 Nbd7 13. Bf1 b5 14. cxb6 Nxe5 15.
dxe5 Ne4 16. Nxe4 Bxe4 17. bxa7 Qxa7 18. Bg2 Bc5 19. Rf1 Rdb8 20. Qc3 Bd4 21.
Qxc6 Bxg2 22. Kxg2 Bxb2 23. Rab1 Qxa2 24. Qc2 g5 25. Bc1 Bxe5 26. Qxa2 Rxa2 27.
Rxb8+ Bxb8 28. Kf3 Ba7 29. Be3 Ra3 30. Kg4 Bxe3 31. fxe3 Rxe3 32. Rf2 Kg7 33.
h4 f5+ 34. Kh5 g4 35. Rf1 Rxg3 0-1

[Event "Ïåðâåíñòâî Ìîñêâû ïî øàõìàòàì"]
[Site "Ìîñêâà, ÌÃÈÌÎ ïð. Âåðíàäñêîãî"]
[Date "2018.11.25"]
[Round "9.13"]
[White "Yusupov, Ilya"]
[Black "Sokolov, Egor"]
[Result "1-0"]
[WhiteElo "1461"]
[BlackElo "1429"]
[PlyCount "57"]
[EventDate "2018.11.18"]

1. d4 Nf6 2. c4 g6 3. Nc3 Bg7 4. e4 d6 5. f3 O-O 6. Be3 e5 7. Nge2 Nbd7 8. Qd2
Re8 9. O-O-O a6 10. Kb1 Rb8 11. g4 h5 12. h3 b5 13. cxb5 axb5 14. Ng3 b4 15.
Na4 h4 16. Ne2 Nf8 17. b3 Bd7 18. Nb2 exd4 19. Nxd4 c5 20. Ne2 Rb6 21. Nc4 Ra6
22. Nxd6 Re5 23. Nf4 Ra8 24. Bc4 Be6 25. Bxe6 Nxe6 26. Nc4 Qxd2 27. Rxd2 Nxf4
28. Nxe5 Ne6 29. Nc4 1-0

[Event "Ïåðâåíñòâî Ìîñêâû ïî øàõìàòàì"]
[Site "Ìîñêâà, ÌÃÈÌÎ ïð. Âåðíàäñêîãî"]
[Date "2018.11.25"]
[Round "9.14"]
[White "Avetisyan, David"]
[Black "Dneprov, Andrey"]
[Result "0-1"]
[WhiteElo "1254"]
[BlackElo "1344"]
[PlyCount "88"]
[EventDate "2018.11.18"]

1. c4 Nf6 2. Nc3 e6 3. e4 Bb4 4. d3 O-O 5. Bd2 d5 6. cxd5 exd5 7. e5 Nfd7 8. d4
Nb6 9. a3 Be7 10. f4 c5 11. Be3 cxd4 12. Bxd4 Nc6 13. Bf2 Bf5 14. Bd3 Bxd3 15.
Qxd3 Rc8 16. b3 d4 17. Nb5 Nd5 18. Qd2 Nxf4 19. Bxd4 Nxg2+ 20. Kd1 Nxd4 21.
Nxd4 Bg5 22. Qb2 Ne3+ 23. Ke2 Nc2 24. Rd1 Nxd4+ 25. Qxd4 Rc2+ 26. Kf1 Qc8 27.
Qe4 Qc5 28. Ne2 Re8 29. Rd5 Qc8 30. h4 Bf6 31. h5 Rc5 32. Rxc5 Qxc5 33. Qxb7
Qxe5 34. Qf3 Qe3 35. Rh3 Qe5 36. a4 Bg5 37. Kf2 h6 38. Rh1 Re6 39. Qa8+ Kh7 40.
Ng3 Qe3+ 41. Kg2 Bf4 42. Qf3 Qd2+ 43. Kh3 Bxg3 44. Qxg3 Re3 0-1

[Event "Ïåðâåíñòâî Ìîñêâû ïî øàõìàòàì"]
[Site "Ìîñêâà, ÌÃÈÌÎ ïð. Âåðíàäñêîãî"]
[Date "2018.11.25"]
[Round "9.15"]
[White "Samarov, Vladimir"]
[Black "Sarkisyan, Sarkis"]
[Result "1-0"]
[WhiteElo "1272"]
[BlackElo "1327"]
[PlyCount "53"]
[EventDate "2018.11.18"]

1. d4 e6 2. Nf3 f5 3. g3 Nf6 4. Bg2 d6 5. O-O Be7 6. Nbd2 O-O 7. Re1 Nc6 8. e4
fxe4 9. Nxe4 Nxe4 10. Rxe4 d5 11. Re1 Bf6 12. c3 Re8 13. Bf4 Bd7 14. Ne5 Nxe5
15. Bxe5 b5 16. b4 a5 17. a3 axb4 18. axb4 Bxe5 19. Rxe5 Rxa1 20. Qxa1 Qa8 21.
Qe1 Qc6 22. Qe3 Qd6 23. Bxd5 Kf7 24. Bg2 Bc6 25. Bxc6 Qxc6 26. Rc5 Qd6 27. Rxb5
1-0

[Event "Ïåðâåíñòâî Ìîñêâû ïî øàõìàòàì"]
[Site "Ìîñêâà, ÌÃÈÌÎ ïð. Âåðíàäñêîãî"]
[Date "2018.11.25"]
[Round "9.16"]
[White "Matygin, Fedor"]
[Black "Safinov, Artem"]
[Result "0-1"]
[WhiteElo "1242"]
[BlackElo "1452"]
[PlyCount "156"]
[EventDate "2018.11.18"]

1. e4 e6 2. Nc3 d5 3. e5 c5 4. f4 Nc6 5. Nf3 a6 6. g3 Nge7 7. Bg2 b5 8. Ne2 Nf5
9. d4 cxd4 10. Nexd4 Nfxd4 11. Nxd4 Qb6 12. Be3 Bc5 13. c3 O-O 14. Nxc6 Bxe3
15. Nd4 Bd7 16. Qd3 Bxd4 17. Qxd4 Qxd4 18. cxd4 Rfc8 19. Rd1 b4 20. Bf1 Bb5 21.
Rg1 Bxf1 22. Rxf1 a5 23. Ke2 Rc2+ 24. Rd2 Rc4 25. Rf2 a4 26. Rf3 Rc6 27. Rfd3
Rac8 28. Ke3 g6 29. Re2 Kf8 30. Rdd2 Ke7 31. Kd3 b3 32. a3 h5 33. Rf2 Rc1 34.
Rfe2 Rh1 35. Rf2 Re1 36. Rfe2 Rec1 37. Rf2 R8c4 38. Rfe2 Rh1 39. Rf2 Re1 40.
Rfe2 Rb1 41. Rf2 Kf8 42. Rfe2 Kg7 43. h4 Rf1 44. Rf2 Re1 45. Rfe2 Ra1 46. Rf2
Rcc1 47. Rfe2 Kf8 48. Rf2 Ke7 49. Rfe2 Kd7 50. Rf2 Kc6 51. Rfe2 Kb5 52. Rf2 Rg1
53. Rg2 Rad1 54. Rxd1 Rxg2 55. Rc1 Rxg3+ 56. Ke2 Rg2+ 57. Kd3 Rc2 58. Rxc2 bxc2
59. Kxc2 Kc4 60. b4 axb3+ 61. Kb2 Kxd4 62. a4 Kc5 63. Kxb3 Kb6 64. Kb4 Ka6 65.
a5 d4 66. Kc4 Kxa5 67. Kxd4 Kb5 68. Kd3 Kc5 69. Ke3 Kc6 70. Ke4 Kd7 71. Kf3 Ke7
72. Kg3 f6 73. Kf3 Kf7 74. Kg3 Kg7 75. Kh3 fxe5 76. fxe5 Kh6 77. Kg2 g5 78.
hxg5+ Kxg5 0-1

[Event "Ïåðâåíñòâî Ìîñêâû ïî øàõìàòàì"]
[Site "Ìîñêâà, ÌÃÈÌÎ ïð. Âåðíàäñêîãî"]
[Date "2018.11.25"]
[Round "9.17"]
[White "Kalashnikov, Mikhail"]
[Black "Grunin, Denis"]
[Result "0-1"]
[WhiteElo "1252"]
[BlackElo "1415"]
[PlyCount "92"]
[EventDate "2018.11.18"]

1. e4 e5 2. Nf3 Nc6 3. Bc4 Nf6 4. d3 Bc5 5. c3 a6 6. Bb3 Ba7 7. Nbd2 O-O 8. h3
d5 9. Qe2 d4 10. Nf1 Nd7 11. g4 Nc5 12. Bc2 Be6 13. Ng3 b5 14. Bd2 Bc4 15. cxd4
exd4 16. b4 Nd7 17. dxc4 Nde5 18. Nxe5 Nxe5 19. Bf4 d3 20. Qd1 Qd4 21. O-O dxc2
22. Qxd4 Bxd4 23. Rac1 Nd3 24. Ne2 Nxc1 25. Rxc1 Rad8 26. cxb5 axb5 27. Rxc2
Rfe8 28. Bxc7 Rd7 29. Bf4 f6 30. Rd2 Rxe4 31. Be3 Rxe3 32. Rxd4 Rxd4 33. Nxd4
Re4 34. Nxb5 Rxb4 35. Nc3 Rc4 36. Nb5 Ra4 37. Nc3 Ra3 38. Ne4 Rxa2 39. Kg2 Kf7
40. g5 f5 41. Nd6+ Kg6 42. h4 Rd2 43. Nc4 Rd4 44. Ne5+ Kh5 45. Nf3 Rxh4 46.
Nxh4 Kxh4 0-1

[Event "Ïåðâåíñòâî Ìîñêâû ïî øàõìàòàì"]
[Site "Ìîñêâà, ÌÃÈÌÎ ïð. Âåðíàäñêîãî"]
[Date "2018.11.25"]
[Round "9.18"]
[White "Voronin, Nikita"]
[Black "Iakushkov, Pavel"]
[Result "1/2-1/2"]
[WhiteElo "1358"]
[BlackElo "1656"]
[PlyCount "80"]
[EventDate "2018.11.18"]

1. d4 d5 2. c4 e6 3. Nf3 Nf6 4. g3 Be7 5. Bg2 O-O 6. O-O c6 7. Nc3 Nbd7 8. b3
b6 9. Nd2 Bb7 10. e4 dxe4 11. Ndxe4 Nxe4 12. Nxe4 Nf6 13. Bb2 Qc8 14. d5 Nxe4
15. Bxe4 exd5 16. cxd5 cxd5 17. Bxd5 Bxd5 18. Qxd5 Qc5 19. Rfd1 Qxd5 20. Rxd5
Rfd8 21. Rad1 Rxd5 22. Rxd5 Rd8 23. Rxd8+ Bxd8 24. f4 f5 25. h3 Kf7 26. g4 g6
27. Be5 Ke6 28. Kf2 b5 29. Ke3 Kd5 30. Kd3 Bb6 31. Bb8 a6 32. Be5 Bg1 33. Bc7
Bc5 34. Be5 Bg1 35. Bc7 Bc5 36. Be5 Ba7 37. Bc7 Bg1 38. Be5 Bh2 39. Ke3 Bg1+
40. Kd3 Bc5 1/2-1/2

[Event "Ïåðâåíñòâî Ìîñêâû ïî øàõìàòàì"]
[Site "Ìîñêâà, ÌÃÈÌÎ ïð. Âåðíàäñêîãî"]
[Date "2018.11.25"]
[Round "9.19"]
[White "Azimov, Timur"]
[Black "Panichkin, Aleksey"]
[Result "0-1"]
[WhiteElo "1408"]
[BlackElo "1233"]
[PlyCount "98"]
[EventDate "2018.11.18"]

1. e4 c5 2. Nf3 d6 3. d4 cxd4 4. Nxd4 Nf6 5. Nc3 a6 6. Be3 e6 7. f3 Be7 8. Qd2
Nc6 9. O-O-O Bd7 10. g4 Rc8 11. Kb1 Ne5 12. g5 Nh5 13. f4 Ng6 14. Be2 Nhxf4 15.
Bxf4 Nxf4 16. Qxf4 e5 17. Qf2 exd4 18. Nd5 Bc6 19. Nxe7 Qxe7 20. Rhe1 O-O 21.
Bg4 Rcd8 22. Qxd4 Qxg5 23. Rg1 Qe5 24. Bf5 Qxd4 25. Rxd4 d5 26. e5 Rfe8 27. Re1
g6 28. Bg4 h5 29. Bh3 g5 30. Bf5 Bd7 31. Bxd7 Rxd7 32. c4 Red8 33. Red1 Re7 34.
Rxd5 Rxd5 35. Rxd5 Kg7 36. Kc2 f6 37. exf6+ Kxf6 38. Kd3 Re5 39. Rd4 Kf5 40. b4
g4 41. a4 h4 42. b5 g3 43. hxg3 hxg3 44. Kc3 a5 45. Rd2 b6 46. Kd4 Kf4 47. Rg2
Rg5 48. Rg1 g2 49. Rxg2 Rxg2 0-1

[Event "Ïåðâåíñòâî Ìîñêâû ïî øàõìàòàì"]
[Site "Ìîñêâà, ÌÃÈÌÎ ïð. Âåðíàäñêîãî"]
[Date "2018.11.25"]
[Round "9.20"]
[White "Mishin, Matvey"]
[Black "Tetyuev, Stepan"]
[Result "0-1"]
[WhiteElo "1319"]
[BlackElo "1431"]
[PlyCount "62"]
[EventDate "2018.11.18"]

1. e4 c5 2. Nf3 e6 3. d4 cxd4 4. Nxd4 a6 5. Bd3 Qc7 6. O-O Nf6 7. Qe2 Nc6 8. c3
e5 9. Nc2 Be7 10. Be3 d6 11. h3 Be6 12. Nd2 O-O 13. Nf3 Qd7 14. Ng5 Rac8 15.
Rfd1 Na5 16. Nxe6 Qxe6 17. Nb4 Bd8 18. Nd5 Nxd5 19. exd5 Qf6 20. b4 e4 21. Bxe4
Nc4 22. Bd4 Qh6 23. Rd3 Re8 24. Bxh7+ Kf8 25. Be4 Ne5 26. Bxe5 Rxe5 27. Qf3 Bb6
28. Rad1 Rc4 29. Re1 Qh4 30. g4 Rcxe4 31. Rxe4 Rxe4 0-1